000 00730nam a2200181Ia 4500
008 100921s9999 xx 000 0 und d
082 _b28820
_a110 थ 72
100 _aपारखे म.स.
245 _aमानवपुत्राचा धर्मादेश.
260 _bमोंडकर ज.आ.पुणे.
_c1972
300 _a63
_b---
365 _b2
520 _aतत्वज्ञान-अध्यात्मशास्त्र.
630 _aमानवपुत्राचा धर्मादेश.
650 _aतत्वज्ञान-अध्यात्मशास्त्र.
730 _aमानवपुत्राचा धर्मादेश.
942 _cBOOK
999 _c777933
_d777930